000 01040cab a2200301 4500
001 ABS49970
008 090401t1994 xxu||||| |||| 00| 0 eng d
035 _a(Sirsi) u73498
041 _aeng
100 _aBroughton, M.
245 _aPolluter doesn`t pay?
260 _c1994
350 _a0
490 _aEstates Gazette
_v(9401) 8 January 1994, 97-99(3)
520 _aDiscusses the HL decision in "Cambridge Water Co v Eastern Counties Leather plc" (Abs50060) which overturned the CA ruling that, under the rule in "Rylands v Fletcher", a polluter cannot be liable for pollution damage that was not reasonably forseeable when the polluting incident occurred.
650 _aCAMBRIDGE WATER CO LTD V EASTERN COUNTIES LEATHER PLC (HL)
650 _aFORESEEABILITY
650 _aLIABILITY
650 _aNEGLIGENCE
650 _aPOLLUTION
650 _aRYLANDS V FLETCHER
650 _aWATER POLLUTION
650 _aWATER SUPPLY
690 _aEnvironment
_96238
690 _aLAND
942 _n0
948 _c04/03/1997
999 _c46454
_d46454